Представление документа в формате RUSMARC

ПолеНазваниеЗначение
  Тип записи a
  Библиографический уровень m
001 Контрольный номер RU/IS/BASE/276100014
005 Дата корректировки 20201206204450.4
010 Индекс ISBN __
a ISBN 5-9265-0269-1 (В пер.)
d Цена 127-60
100 Данные общей обработки __
a Данные общей обработки 19060817d2006 |||y0rusy0189 ca
101 Язык документа __
a Язык текста rus
c Язык оригинала rus
102 Страна публикации __
a Страна публикации RU
105 Кодированные данные (монография) __
a Кодированные данные (монография) a |||||||zy
200 Заглавие и сведения об ответственности 1_
a Заглавие Энергетическая сверхдержава
f Первые сведения об ответственности Константин Симонов
b Общее обозначение материала Текст
210 Выходные данные __
a Место издания М.
c Издательство Алгоритм
d Дата издания 2006
215 Физическое описание __
a Объем 270, [1] с.
c Иллюстрации/тип воспроизводства ил.
225 Серия __
a Серия Путин+7
320 Библиография __
a Библиография Библиогр. в подстроч. примеч.
330 Аннотация __
a Аннотация Идея Путина превратить Россию в "энергетическую сверхдержаву" стала одной из самых дебатируемых в последнее время. Но есть те, кто критикуют эту концепцию, уверяя что нефть и газ вообще скоро закончатся. Отделить правду от вымысла пытается автор книги.
606 Тематические рубрики __
a Основная рубрика Экономика
z Хронологическая подрубрика 21 в.
y Географическая подрубрика Российская Федерация; РФ; Россия
606 Тематические рубрики __
a Основная рубрика Экономика топливной промышленности
610 Ключевые слова __
a Ключевые слова внутренняя политика; энергетические ресурсы; энергетическое сырье; энергетический рынок; энергетическая политика; нефтегазодобыча; нефтяной бизнес; экспортная торговля; международная торговля; международные соглашения
686 Индексы других классификаций __
a Классификационный индекс 65.305.143(2Рос)
700 Автор _1
a Фамилия Симонов
b Имя К. В.
g Полное личное имя Константин Васильевич
4 Код отношения 070
801 Источник записи _0
a Страна RU
b Организация Муниципальное бюджетное учреждение культуры "Централизованная библиотечная система" г. Сургут (Центральная городская библиотека им. А. С. Пушкина)
c Дата составления 20060817
g Правила каталогизации КиК/Елгина
801 Источник записи _1
a Страна RU
b Организация Муниципальное бюджетное учреждение культуры "Централизованная библиотечная система" г. Сургут (Центральная городская библиотека им. А. С. Пушкина)
c Дата составления 20060817
g Правила каталогизации КиК/Елгина
852 Данные о местонахождении __
j Шифр хранения 65.305.143(2Рос)
c Каталожный индекс 65.304.13(2Рос)
i Авторский знак С 37
901 Тип документа __
t Тип документа m
903 Характеристики (МАРС) __
a Дата передачи 20070206
990 Данные о заказе (DOS) __
j Количество экземпляров (DOS) 4
t N записи в КСУ для И/У (DOS) 200702